| 000 | 00538nam a2200157 4500 | ||
|---|---|---|---|
| 008 | 030306s1970 enk eng | ||
| 090 |
_aPN4888.R4 _bR79 |
||
| 100 | 1 | _aGram, Harold A. | |
| 245 | 1 | 0 |
_aGovernment economic policy and inividual welfare / _cHarold A. Gram. |
| 260 |
_aLondon : _bConcordia, _cc1970. |
||
| 300 |
_a103 p. : _bcharts, ills. |
||
| 490 | 1 | _aThe Christian encounters series | |
| 650 | 4 |
_aPolitical ethics _xPublic office. |
|
| 950 | 0 | _1.35 | |
| 951 |
_p6878 _x00013464 _oPN4888.R4/R79 _j070613111221625 _d2000-12-21 _cGC |
||
| 999 |
_c14860 _d14860 |
||